| 000 | 01569naa a22003617a 4500 | ||
|---|---|---|---|
| 001 | BR6600117 | ||
| 003 | BR-BrBNA | ||
| 005 | 20240918173304.0 | ||
| 007 | ta | ||
| 008 | 230509b bl.||||| |||| 00| 0 por d | ||
| 040 |
_aBR-BrBNA _bpor _cBiblioteca Nacional de Agricultura |
||
| 041 | _a(Pt) | ||
| 072 |
_aF00; F30 _b0120 _b3575 _bG514 |
||
| 090 | _aF00 BR6600117 | ||
| 100 | 1 | _aAndrade Sobrinho, J. de | |
| 245 | 1 | _aProducao de sementes de milho [Zea mays; Semente; Cruzamento vegetal; Controle de qualidade; Sao Paulo; Brasil] | |
| 260 | 3 |
_aSao Paulo, SP (Brasil): _c1966. |
|
| 500 | _aCultura e adubacao do milho Sao Paulo, SP (Brasil): 1966. p. 175-224 (BR6600117-AM)F00 | ||
| 650 | _aProducao vegetal | ||
| 650 | _aMelhoramento genetico vegetal | ||
| 650 | _aMilho | ||
| 650 | _aSemente | ||
| 650 | _aHibrido | ||
| 650 | _aReproducao vegetal | ||
| 650 | _aBeneficiamento | ||
| 650 | _aArmazenamento | ||
| 650 | _aDefesa vegetal | ||
| 650 | _aControle de qualidade | ||
| 650 | _aSao Paulo | ||
| 773 | 0 |
_tCultura e adubacao do milho _aKrug, C.A.; Conagin, A.; Junqueira, A.A.B.; Brieger, F.B.; Blumenschein, A.; Paterniani, E.; Miranda, L.T. de; Soho, J. de A.; Camargo, A.P. de; Keeper, A.; Viegas, G.P.; Gallo, D.; Pinheiro, E. de D.; Ferraz, E.C.; Malavolta, E.; Gargantini, H.; Gomes, F.P.; Campos, H. de; Novaes, R.F.; Teixeira, C.G.; Camargo, R. de; Mendes, T.T. - Instituto Brasileiro de Potassa, Sao Paulo, SP _w0120 BR6600111 _gSao Paulo, SP (Brasil), 1966. _q541 p. |
|
| 909 |
_a202404 _bLucia _c55 _dLucia Elande |
||
| 942 |
_cAM _2AGRIS |
||
| 999 |
_c303780 _d303780 |
||